[Event "Herbert W. Gustafson Memorial, S47189"]
[Site "CCLA"]
[Date "2014.10.27"]
[Round "?"]
[White "Williams, Rufus H."]
[Black "Pinkall Pollei, Rich"]
[Result "0-1"]
[WhiteElo "1309"]
[BlackElo "1389"]

1. e4 e5 2. Nf3 Nc6 3. d4 exd4 4. Nxd4 Bc5 5. c3 Qf6 6. Be3 Nge7 7. Bc4 b6
8. O-O Bb7 9. Re1 O-O-O 10. a4 d5 11. Qg4+ Kb8 12. Nxc6+ Nxc6 13. Bxc5 
dxc4 14. Bxb6 cxb6 15. Na3 Ne5 16. Qg3 Ka8 17. Nb5 Rd3 18. f3 h5 19. a5 h4
20. Qf2 h3 21. Nc7+ Kb8 22. axb6 hxg2 23. Na6+ Bxa6 24. bxa7+ Ka8 25. Rxa6
Qf4 26. Qxg2 Nxf3+ 0-1

[Event "Herbert W. Gustafson Memorial, S47159"]
[Site "CCLA"]
[Date "2014.10.27"]
[Round "?"]
[White "Mueller, Anthony"]
[Black "Latta, Richard W."]
[Result "0-1"]
[WhiteElo "1367"]
[BlackElo "1396"]

1. e4 e5 2. Nf3 Nc6 3. Bb5 Bc5 4. Nc3 Bxf2+ 5. Kxf2 Qf6 6. Re1 Nge7 7. 
Bxc6 Nxc6 8. d3 O-O 9. Bg5 Qg6 10. Qd2 f6 11. Nh4 fxg5+ 12. Nf3 Nd4 13. 
Nd5 Nxf3 14. gxf3 Qh5 15. Ke3 Qh3 16. Nxc7 g4 17. Nxa8 Qxf3# 0-1

[Event "Continuous Server Series, S40159"]
[Site "CCLA"]
[Date "2014.05.19"]
[Round "?"]
[White "Poindexter, Jeffrey"]
[Black "Kline, John T."]
[Result "0-1"]
[WhiteElo "1327"]
[BlackElo "1569"]

1. e4 e5 2. Nf3 Nc6 3. Bc4 Nf6 4. Nc3 Nxe4 5. O-O Nxc3 6. dxc3 h6 7. Re1 
d6 8. Nd4 Na5 9. Bd3 Be7 10. Nf5 Bf6 11. Qf3 Be6 12. Qg3 g6 13. Nxh6 Qe7 
14. Bxg6 Rxh6 15. Bxf7+ Qxf7 16. Bxh6 O-O-O 17. h3 Qh5 18. Be3 Rg8 19. Qh2
Bxh3 20. g3 Rh8 21. f4 Nc4 22. Kf2 Nxe3 23. Kxe3 exf4+ 24. gxf4 Re8+ 0-1

[Event "NA Class D Server Championship, S40139"]
[Site "CCLA"]
[Date "2014.04.30"]
[Round "?"]
[White "Selby, Robin"]
[Black "Hodgkins, Neil C."]
[Result "0-1"]
[WhiteElo "1230"]
[BlackElo "1419"]

1. e4 e5 2. Nf3 Nc6 3. Bc4 Nf6 4. Nc3 a6 5. O-O Bc5 6. a3 O-O 7. Rb1 d6 8.
 b4 b5 9. Bd5 Nxd5 10. exd5 Nd4 11. bxc5 Nxf3+ 12. Qxf3 dxc5 13. Qg3 Re8 
14. d3 Bb7 15. Bh6 g6 16. h4 c6 17. Rfe1 Qf6 18. Re3 cxd5 19. Rbe1 e4 20. 
Bg5 Qxc3 21. h5 Qe5 22. Qxe5 Rxe5 23. Bf6 Rxh5 24. dxe4 dxe4 25. Be7 Re8 
26. Bf6 a5 27. g4 Rd5 28. Kh2 Rd2 29. Kg3 Rd6 30. Bb2 Rd2 31. Bc3 Rxc2 32.
 Bxa5 g5 33. Rb1 Bc6 34. Bb6 Re7 35. Bd8 Rd7 36. Bf6 Rdd2 37. Rf1 h6 38. 
Kg2 Bd5 39. Ree1 e3+ 40. Kg3 Rxf2 41. Rxf2 Rxf2 42. Rxe3 Rxf6 43. Rd3 Be6 
44. Rd6 Rf4 45. Rd8+ Kg7 46. Rd2 Rxg4+ 47. Kf3 Ra4 48. Rd3 Kg6 49. Rc3 Rc4
50. Rb3 Rf4+ 51. Ke3 Bxb3 52. Kd3 Ba4 0-1

[Event "Continuous Server Series, S40069"]
[Site "CCLA"]
[Date "2014.03.03"]
[Round "?"]
[White "Bokiev, Alan"]
[Black "Kline, John T."]
[Result "0-1"]
[WhiteElo "1739"]
[BlackElo "1569"]

1. e4 e5 2. Nf3 Nc6 3. Nc3 Nf6 4. Bc4 Nxe4 5. Nxe4 d5 6. Bd3 dxe4 7. Bxe4 
Bd6 8. Bxc6+ bxc6 9. d3 O-O 10. h3 f5 11. O-O c5 12. Bg5 Qe8 13. Re1 Qg6 
14. Bd2 f4 15. Kh1 Bb7 16. c3 Qxd3 17. Nxe5 Qxh3+ 0-1

[Event "Regular Quad, S40269"]
[Site "CCLA"]
[Date "2014.09.08"]
[Round "?"]
[White "Gunning, Edward E."]
[Black "Cantrell, Dennis"]
[Result "1-0"]
[WhiteElo "1350"]
[BlackElo "1200"]

1. e4 e5 2. Nc3 Nf6 3. Nf3 Nc6 4. d4 Bd6 5. Bg5 Ne7 6. Bxf6 gxf6 7. Bc4 
Bb4 8. Qd2 Bxc3 9. Qxc3 d5 10. Bd3 Qd6 11. dxe5 d4 12. Qxd4 Qxd4 13. Nxd4 
Bd7 14. exf6 Ng6 15. O-O-O O-O-O 16. f3 Rhg8 17. g4 Ne5 18. Be2 a6 19. h3 
Rg6 20. f4 Nxg4 21. hxg4 Rxf6 22. f5 h6 23. Nb3 Rb6 24. Nc5 Bb5 25. Rxd8+ 
Kxd8 26. c4 Rc6 27. Rd1+ Kc8 28. Rd5 b6 29. cxb5 axb5 30. Bxb5 Rxc5+ 31. 
Rxc5 bxc5 32. Bc6 Kd8 33. a4 f6 34. a5 Kc8 35. e5 fxe5 36. f6 Kd8 37. Bb7 
Kd7 38. a6 e4 39. a7 Ke6 40. a8=Q Kxf6 41. Bxe4 Kg5 42. Qh8 c4 43. Bd5 c5 
44. Bxc4 Kg6 45. b3 Kg5 46. Qc8 Kh4 47. Qf5 Kg3 48. Qh5 Kf4 49. Qxh6+ Kxg4
50. Qe3 Kf5 51. Qxc5+ Kf6 52. b4 Kg6 53. b5 Kh6 54. b6 Kg6 55. b7 Kf6 56. 
b8=Q Kg6 57. Qbb6+ Kg7 58. Qcc7+ Kf8 59. Qbb8# 1-0

[Event "Regular Quad, S40449"]
[Site "CCLA"]
[Date "2014.12.19"]
[Round "?"]
[White "Berger, Byron"]
[Black "Smiley, William R."]
[Result "1/2-1/2"]
[WhiteElo "1516"]
[BlackElo "1530"]

1. e4 e5 2. Nf3 Nc6 3. Nc3 Nf6 4. d4 exd4 5. Nxd4 Nxd4 6. Qxd4 d6 7. Bc4 
Be7 8. Be3 O-O 9. O-O-O Ng4 10. Nd5 Nxe3 11. Nxe7+ Qxe7 12. Qxe3 a6 
1/2-1/2

[Event "Summer Server Series, S40071"]
[Site "CCLA"]
[Date "2014.07.28"]
[Round "?"]
[White "Evans, Stanley W."]
[Black "Richardson, Ryan M."]
[Result "1-0"]
[WhiteElo "1787"]
[BlackElo "1689"]

1. e4 e5 2. Nf3 Nc6 3. Nc3 Nf6 4. d4 exd4 5. Nxd4 Bb4 6. Nxc6 bxc6 7. Bd3 
d5 8. exd5 cxd5 9. O-O O-O 10. Bg5 c6 11. Na4 h6 12. Bh4 Re8 13. c4 Bg4 
14. f3 Be6 15. cxd5 Bxd5 16. Qc2 Bd6 17. Nc3 Be5 18. f4 Bxc3 19. bxc3 Qd6 
20. c4 Be4 21. Rad1 Bxd3 22. Qxd3 Qxd3 23. Rxd3 Ne4 24. Re1 Nc5 25. Rd6 
Rxe1+ 26. Bxe1 Re8 27. Bf2 Ne4 28. Rxc6 Nxf2 29. Kxf2 Rd8 30. Ke3 Kf8 31. 
Rc7 Ra8 32. c5 a5 33. a4 Re8+ 34. Kd3 Rd8+ 35. Kc3 Re8 36. Rd7 Re4 37. c6 
Ke8 38. Rd4 Re6 39. c7 1-0

[Event "2014 Server Championship, S40029"]
[Site "CCLA"]
[Date "2014.01.27"]
[Round "?"]
[White "Lewis, James W."]
[Black "Motta, Paul"]
[Result "1-0"]
[WhiteElo "2098"]
[BlackElo "2418"]

1. e4 Nc6 2. Nf3 d6 3. d4 Nf6 4. Nc3 e5 5. Bb5 exd4 6. Qxd4 Bd7 7. Bxc6 
Bxc6 8. Bg5 Be7 9. O-O-O O-O 10. Rhe1 Re8 11. Kb1 h6 12. Bc1 Nd7 13. Qc4 
Bf6 14. Nd5 Nb6 15. Qd3 Na4 16. Nd4 Bxd5 17. exd5 Nc5 18. Rxe8+ Qxe8 19. 
Qg3 Qe4 20. Qf3 Re8 21. Qxe4 Nxe4 22. Be3 Bg5 23. f4 Bf6 24. Bg1 g5 25. 
fxg5 Nd2+ 26. Kc1 Bxg5 27. g3 Nf3+ 28. Kb1 Nxg1 29. Rxg1 Re5 30. Nb5 Rxd5 
31. Nxc7 Rc5 32. Ne8 Be7 33. Rf1 f5 34. a3 Kf7 35. b4 Rc6 36. Nxd6+ Rxd6 
37. Rxf5+ Kg6 38. Rf3 Rd1+ 39. Kb2 1-0

[Event "Summer Server Series, S40071"]
[Site "CCLA"]
[Date "2014.07.28"]
[Round "?"]
[White "Strelecky, Rich"]
[Black "Richardson, Ryan M."]
[Result "1-0"]
[WhiteElo "1584"]
[BlackElo "1689"]

1. Nc3 Nf6 2. e4 e5 3. Nf3 Nc6 4. Bb5 Bc5 5. h3 d6 6. d4 exd4 7. Bxc6+ 
bxc6 8. Nxd4 Bb7 9. O-O O-O 10. Re1 Re8 11. Bg5 h6 12. Bh4 g5 13. Bg3 Bxd4
14. Qxd4 Qe7 15. e5 Nh5 16. Re3 Nxg3 17. Rxg3 Qxe5 18. Qh4 Kh7 19. Qc4 d5 
20. Qd3+ f5 21. Rf3 Rf8 22. Re3 Qd6 23. Rf3 Qg6 24. Re1 Rf7 25. Re5 Raf8 
26. Ne2 c5 27. Ng3 f4 28. Qxg6+ Kxg6 29. Nf1 Kf6 30. Re1 Re7 31. Rxe7 Kxe7
32. Rb3 Bc8 33. Ra3 a6 34. Nd2 c4 35. b4 Rf6 36. Nf3 Re6 37. Kf1 Rb6 38. 
Nd4 Kf6 39. c3 h5 40. Ke2 g4 41. h4 Ke5 42. Ra5 Bd7 43. Rc5 c6 44. a4 Kd6 
45. g3 fxg3 46. fxg3 Rb8 47. Ra5 Re8+ 48. Kd2 Ra8 49. b5 c5 50. Ne2 Bc8 
51. Nf4 Bb7 52. Nxh5 Kc7 53. bxa6 Rxa6 54. Rxa6 Bxa6 55. Nf6 1-0

[Event "Herbert W. Gustafson Memorial, S47189"]
[Site "CCLA"]
[Date "2014.10.27"]
[Round "?"]
[White "Dressler, River"]
[Black "Williams, Rufus H."]
[Result "1/2-1/2"]
[WhiteElo "1233"]
[BlackElo "1309"]

1. e4 e5 2. Nf3 Nc6 3. Nc3 Nf6 4. Bb5 Bc5 5. Bxc6 bxc6 6. Nxe5 Bxf2+ 7. 
Kxf2 Ba6 8. d3 O-O 9. Bf4 Bb5 10. Nxb5 cxb5 11. Qf3 c6 12. c4 a6 13. Ng4 
Nxg4+ 14. Qxg4 Qf6 15. e5 Qg6 16. Qxg6 fxg6 17. g3 bxc4 18. dxc4 a5 19. 
Rhd1 Ra7 20. Kg2 a4 21. a3 h6 22. Rd6 Rb7 23. Re1 Rxb2+ 24. Kg1 Rc2 25. 
Rxd7 Rc3 26. e6 1/2-1/2

[Event "Regular Quad, S40359"]
[Site "CCLA"]
[Date "2014.10.20"]
[Round "?"]
[White "Mueller, Anthony"]
[Black "Williams, Rufus H."]
[Result "1/2-1/2"]
[WhiteElo "1367"]
[BlackElo "1222"]

1. e4 e5 2. Nf3 Nc6 3. Bb5 Nf6 4. Nc3 Bc5 5. O-O O-O 6. Na4 Bd6 7. d4 Qe7 
8. dxe5 Nxe5 9. Bg5 a6 10. Bd3 b5 11. Nc3 Bb7 12. Nxe5 Bxe5 13. Re1 Bxh2+ 
14. Kxh2 Qe5+ 15. f4 Qd4 16. Bxf6 Qxf6 17. Qg4 Qh6+ 18. Kg1 Rad8 19. Rad1 
d6 20. f5 Bc8 21. Qg3 f6 22. Nd5 Rf7 23. c4 Bb7 24. cxb5 axb5 25. Nf4 Bc8 
26. Bxb5 Bd7 27. Bxd7 Rfxd7 28. Ne6 Re8 29. Rc1 c5 30. Red1 Rb8 31. e5 
fxe5 32. Rxc5 dxc5 33. Rxd7 Kh8 34. Nxg7 Qc1+ 35. Kh2 Qh6+ 36. Qh3 Qxh3+ 
37. Kxh3 Rxb2 38. f6 h6 39. f7 Kxg7 40. Kg4 Rxa2 41. Kf5 Ra8 42. Kxe5 c4 
43. Re7 Ra6 44. Kd4 1/2-1/2

[Event "Herbert W. Gustafson Memorial, S47189"]
[Site "CCLA"]
[Date "2014.10.27"]
[Round "?"]
[White "Dressler, River"]
[Black "Haase, F. Philip"]
[Result "0-1"]
[WhiteElo "1233"]
[BlackElo "1641"]

1. e4 e5 2. Nf3 Nc6 3. Nc3 Nf6 4. Bb5 Bb4 5. O-O O-O 6. a3 Bxc3 7. dxc3 
Nxe4 8. Be3 d6 9. Qd5 Nf6 10. Qd3 Bg4 11. Ng5 h6 12. Bxc6 bxc6 13. Ne4 Bf5
14. f3 Nxe4 15. fxe4 Bg6 16. Rf2 Qh4 17. g3 Qxe4 18. Qxe4 Bxe4 19. Re1 f5 
20. Ree2 Rf6 21. b4 a5 22. g4 Rg6 23. h3 axb4 24. axb4 d5 25. Rd2 Ra1+ 26.
 Rf1 Ra3 27. Re1 Rxc3 28. Rg2 Bxg2 29. gxf5 Rg3 30. Kh2 Rgxe3 31. Rxe3 
Rxe3 32. Kxg2 e4 33. h4 Rf3 34. h5 Rxf5 35. c3 e3 36. Kg3 e2 37. c4 e1=Q+ 
0-1

[Event "Herbert W Gustafson Memorial, S47129"]
[Site "CCLA"]
[Date "2014.10.27"]
[Round "?"]
[White "Strelecky, Rich"]
[Black "Shaffer, Aaron"]
[Result "1-0"]
[WhiteElo "1584"]
[BlackElo "1383"]

1. e4 e5 2. Nf3 Nc6 3. Bb5 Nf6 4. Nc3 Bb4 5. O-O O-O 6. d3 d5 7. Bxc6 bxc6
8. Nxe5 Bxc3 9. bxc3 Bb7 10. Rb1 Rb8 11. Re1 h6 12. f3 dxe4 13. fxe4 Nd7 
14. Nxd7 Qxd7 15. Be3 Bc8 16. Rxb8 Ba6 17. Rxf8+ Kxf8 18. a4 1-0

[Event "Summer Server Series, S40071"]
[Site "CCLA"]
[Date "2014.07.28"]
[Round "?"]
[White "Evans, Stanley W."]
[Black "Strelecky, Rich"]
[Result "1-0"]
[WhiteElo "1787"]
[BlackElo "1584"]

1. e4 e5 2. Nf3 Nc6 3. Nc3 Nf6 4. Bb5 Bb4 5. O-O O-O 6. d3 h6 7. Ne2 Ne7 
8. c3 Bd6 9. Ng3 Ng6 10. Nf5 a6 11. Bc4 b5 12. Bb3 Bb7 13. Qd2 Nf4 14. Re1
Ne6 15. Nxd6 cxd6 16. Bc2 Nf4 17. d4 Ng6 18. d5 Re8 19. Qe2 Rc8 20. a4 Rc5
21. axb5 Rxb5 22. b4 Qc7 23. Ba4 Nxe4 24. Qxe4 Bxd5 25. Qc2 Rbb8 26. Re3 
Bb7 27. Bb3 d5 28. Qd2 e4 29. Nd4 Re5 30. Rg3 d6 31. Ra5 Kh7 32. Bb2 Ne7 
33. Bc2 Ng6 34. f4 Ree8 35. f5 Ne5 36. f6 g5 37. Rxg5 Rg8 38. Rh5 Rg6 39. 
Bc1 Ng4 40. h3 e3 41. Qe1 Nxf6 42. Bxg6+ fxg6 43. Ne6 Qd7 44. Rxh6+ Kxh6 
45. Qxe3+ g5 46. Qxg5+ Kh7 47. Qh6+ Kg8 48. Qg6+ Kh8 49. Qxf6+ Kg8 50. 
Qg6+ Kh8 51. Be3 1-0

[Event "Herbert W. Gustafson Memorial, S47149"]
[Site "CCLA"]
[Date "2014.10.27"]
[Round "?"]
[White "Luna, Joseph"]
[Black "Perry, William E."]
[Result "1-0"]
[WhiteElo "1510"]
[BlackElo "1440"]

1. e4 e5 2. Nf3 Nf6 3. Nc3 Nc6 4. Bb5 Bb4 5. O-O O-O 6. d3 d6 7. Bg5 Bxc3 
8. bxc3 Qe7 9. Re1 Nd8 10. d4 Ne6 11. Bc1 c5 12. Bc4 Rd8 13. Rb1 b6 14. d5
Nf8 15. Qd3 Ng6 16. Bg5 h6 17. Bxf6 Qxf6 18. g3 Bh3 19. Bb5 Nf4 20. gxf4 
Qxf4 21. Nd2 Qg5+ 22. Qg3 Qxd2 23. Qxh3 Qxc2 24. Qe3 Qxa2 25. Ra1 Qb2 26. 
Reb1 Qc2 27. Ba4 1-0

[Event "Continuous Server Series, S40019"]
[Site "CCLA"]
[Date "2014.01.20"]
[Round "?"]
[White "Laven, George"]
[Black "Gunning, Edward E."]
[Result "1-0"]
[WhiteElo "1834"]
[BlackElo "1350"]

1. e4 e5 2. Nf3 Nc6 3. Bc4 Nh6 4. O-O Bc5 5. d4 Bxd4 6. Bg5 f6 7. Bxh6 
Bxb2 8. Bxg7 Bxa1 9. Bxh8 Qe7 10. Qd5 Qe6 11. Qxe6+ dxe6 12. Bxf6 b6 13. 
Bb5 Bd7 14. Bxc6 Bxc6 15. Re1 Ba4 16. c3 Kf7 17. Bxe5 c5 18. Na3 Ke7 19. 
Rxa1 Bc6 20. Re1 b5 21. Nb1 a5 22. Nbd2 a4 23. Re3 b4 24. cxb4 cxb4 25. 
Nd4 Be8 26. f3 b3 27. N2xb3 h5 28. Nc5 h4 29. Ncxe6 Rc8 30. Nf4 Rc1+ 31. 
Kf2 Rc5 32. Nf5+ Kf7 33. Bd6 Rc2+ 34. Re2 Rc1 35. Nxh4 Bb5 36. Rd2 Kf6 37.
 e5+ Kg5 38. Kg3 Rc3 39. e6 a3 40. Rd5+ Kf6 41. Rxb5 Rc6 42. e7 Kf7 43. 
Rb8 Rxd6 44. e8=Q+ Kf6 45. Nh5+ Kg5 46. Rb5+ Kh6 47. Qh8# 1-0

[Event "NA Class D Server Championship, S40139"]
[Site "CCLA"]
[Date "2014.04.30"]
[Round "?"]
[White "Selby, Robin"]
[Black "Simonson, Jay"]
[Result "0-1"]
[WhiteElo "1230"]
[BlackElo "1364"]

1. e4 e5 2. Nf3 d6 3. Bc4 Nc6 4. Nc3 Be7 5. O-O Nf6 6. h3 O-O 7. a3 Nh5 8.
 d3 a6 9. g4 Nf4 10. Kh2 Bxg4 11. hxg4 Bh4 12. Rg1 Qf6 13. g5 Bxg5 14. 
Nxg5 Qh6+ 15. Nh3 Qxh3# 0-1

[Event "Winter Server Series, S40041"]
[Site "CCLA"]
[Date "2014.01.27"]
[Round "?"]
[White "Simonson, Jay"]
[Black "Gunning, Edward E."]
[Result "1-0"]
[WhiteElo "1364"]
[BlackElo "1350"]

1. e4 e5 2. Nf3 Nc6 3. Bc4 d6 4. d4 Bg4 5. c3 Nf6 6. Qd3 Be7 7. Ng5 d5 8. 
exd5 Nxd5 9. O-O g6 10. Qe4 Be6 11. Nxe6 fxe6 12. Bh6 Bf6 13. Nd2 Bg5 14. 
Bxg5 Qxg5 15. Bxd5 exd5 16. Qxd5 Qxd2 17. Qe6+ Ne7 18. Rae1 Kd8 19. Rxe5 
Re8 20. Rfe1 c6 21. Qd6+ Kc8 22. Rxe7 Rxe7 23. Qxe7 b5 24. g3 Rb8 25. Qe8+
Kc7 26. Re7+ Kd6 27. Qd7# 1-0

[Event "3rd TCCL Friendly Server Tournament, 3rdTCCL"]
[Site "CCLA"]
[Date "2014.07.10"]
[Round "?"]
[White "Latta, Richard W."]
[Black "Benson, Katie J."]
[Result "1-0"]
[WhiteElo "1396"]
[BlackElo "1194"]

1. e4 e5 2. Bc4 Bc5 3. Nf3 Nc6 4. d3 Nf6 5. Ng5 O-O 6. h4 g6 7. h5 Ne7 8. 
hxg6 hxg6 9. Qd2 d6 10. Nh7 Nxh7 11. Qh6 1-0

[Event "Herbert W. Gustafson Memorial, S47189"]
[Site "CCLA"]
[Date "2014.10.27"]
[Round "?"]
[White "Pinkall Pollei, Rich"]
[Black "Haase, F. Philip"]
[Result "1-0"]
[WhiteElo "1389"]
[BlackElo "1641"]

1. e4 e5 2. Nf3 Nc6 3. Bc4 Nf6 4. d3 Bc5 5. O-O O-O 6. c3 d5 7. exd5 Nxd5 
8. Re1 Bg4 9. h3 Bh5 10. Nbd2 Nb6 11. Bb5 Bd6 12. Ne4 Re8 13. Ng3 Bg6 14. 
Bg5 f6 15. Be3 Bf7 16. Nh4 a6 17. Bxc6 bxc6 18. Nhf5 Nd5 19. Qg4 Bg6 20. 
h4 Bxf5 21. Nxf5 g6 22. h5 Kf7 23. hxg6+ hxg6 24. Nh4 Rg8 25. Bd2 Qc8 26. 
Qc4 Rh8 27. Qxc6 Ne7 28. Qe4 Qe6 29. Nf3 Qd5 30. g3 Qxe4 31. Rxe4 Bc5 32. 
Rae1 Nf5 33. d4 exd4 34. cxd4 Bd6 35. Bc3 Rae8 36. Nd2 Rxe4 37. Nxe4 Re8 
38. d5 Be7 39. Kg2 Rd8 40. Rd1 Nh6 41. Ba5 f5 42. Bxc7 Rd7 43. Bf4 fxe4 
44. Bxh6 g5 45. d6 Bd8 46. Rd5 Ke6 47. Rc5 Rxd6 48. Bxg5 Bxg5 49. Rxg5 Rd2
50. Kf1 Rxb2 51. Rg6+ Kf5 52. Rxa6 Rb1+ 53. Ke2 1-0

[Event "Continuous Server Series, S40019"]
[Site "CCLA"]
[Date "2014.01.20"]
[Round "?"]
[White "Wolff, Nicholas"]
[Black "Laven, George"]
[Result "0-1"]
[WhiteElo "1568"]
[BlackElo "1834"]

1. e4 e5 2. Nf3 Nc6 3. Bc4 Bc5 4. O-O Nf6 5. d3 d6 6. h3 O-O 7. Bg5 h6 8. 
Bh4 Na5 9. Bb3 Nxb3 10. axb3 c6 11. Nbd2 b5 12. c3 Re8 13. b4 Bb6 14. Re1 
a5 15. bxa5 Rxa5 16. b4 Rxa1 17. Qxa1 Bb7 18. Nb3 c5 19. Nfd2 Qe7 20. Qb2 
g5 21. Bg3 Nh5 22. Bh2 cxb4 23. cxb4 Nf4 24. Bxf4 gxf4 25. Nf3 f5 26. Na5 
Ba8 27. Nd2 Qa7 28. Ndb3 fxe4 29. dxe4 d5 30. exd5 Bxd5 31. Qc2 Qg7 32. 
Re4 Qg6 33. Nc5 Bxc5 0-1

[Event "NA Class D Server Championship, S40139"]
[Site "CCLA"]
[Date "2014.04.30"]
[Round "?"]
[White "Williams, Rufus H."]
[Black "Hodgkins, Neil C."]
[Result "0-1"]
[WhiteElo "1222"]
[BlackElo "1419"]

1. e4 e5 2. Nf3 Nc6 3. Bc4 Bc5 4. b4 Be7 5. c3 Nf6 6. d3 a6 7. O-O O-O 8. 
Re1 d5 9. exd5 Nxd5 10. Nxe5 Nxe5 11. Rxe5 c6 12. d4 Be6 13. Qd3 g6 14. 
Bh6 Re8 15. Nd2 Bf6 16. Rh5 gxh5 17. Qg3+ Kh8 18. Ne4 Rg8 19. Qd3 Rg6 20. 
Qd2 Bg7 21. Bxg7+ Kxg7 22. Be2 Bg4 23. Bxg4 hxg4 24. Ng3 Qg5 25. Qxg5 Rxg5
26. Re1 Nxc3 27. a3 Nb5 28. Re7 Rb8 29. a4 Nxd4 30. Ne4 Nf5 31. Rc7 Rg6 
32. g3 Re6 33. Ng5 Re7 34. Rxe7 Nxe7 35. Kf1 Rd8 36. Ke2 b6 37. Ne4 Rd4 
38. Ke3 Rxb4 39. Nc3 Nd5+ 40. Nxd5 cxd5 41. Kd3 Rxa4 0-1

[Event "Winter Server Series, S40011"]
[Site "CCLA"]
[Date "2014.01.27"]
[Round "?"]
[White "Galvin, John H."]
[Black "Sereni, Vincent T."]
[Result "1/2-1/2"]
[WhiteElo "2191"]
[BlackElo "2118"]

1. e4 e5 2. Nf3 Nc6 3. Bc4 Bc5 4. b4 Bxb4 5. c3 Ba5 6. d4 exd4 7. Qb3 Qe7 
8. O-O Bb6 9. Re1 Na5 10. Qa4 Nxc4 11. Qxc4 Qe6 12. Qd3 Ne7 13. cxd4 O-O 
14. Nc3 d6 15. a4 c6 16. a5 Bc7 17. d5 Qg6 18. Bg5 Nxd5 19. Nxd5 cxd5 20. 
Qxd5 Rb8 21. Nh4 Qh5 22. Be7 Qxd5 23. exd5 Bd7 24. Bxf8 Kxf8 25. Nf3 Bd8 
26. Nd2 Bf6 27. Ra2 Rc8 28. Ne4 Be5 29. g3 a6 30. Kg2 f5 31. Ng5 Bb5 32. 
Rd2 Rc4 33. Ne6+ Kg8 34. Ra2 h6 35. h4 1/2-1/2

[Event " NA Class A Server Championship, S40109"]
[Site "CCLA"]
[Date "2014.04.30"]
[Round "?"]
[White "Ramsden, Jim E."]
[Black "Ragan, Anthony"]
[Result "0-1"]
[WhiteElo "1836"]
[BlackElo "1900"]

1. e4 e5 2. Nf3 Nc6 3. Bc4 Bc5 4. b4 Bxb4 5. c3 Ba5 6. d4 exd4 7. Qb3 Qe7 
8. O-O Bb6 9. cxd4 Nxd4 10. Nxd4 Bxd4 11. Nc3 Nf6 12. Nb5 Bxa1 13. Nxc7+ 
Kd8 14. Nxa8 Bd4 15. Re1 Ng4 16. Re2 Qh4 17. Qg3 Bxf2+ 18. Rxf2 Qxg3 19. 
hxg3 Nxf2 20. Kxf2 d6 21. Be3 b6 22. Bd5 Bd7 23. Bf4 Ke7 24. e5 dxe5 25. 
Bxe5 f6 26. Bb2 Kd6 27. Bf3 Bc6 0-1

[Event " NA Class A Server Championship, S40109"]
[Site "CCLA"]
[Date "2014.04.30"]
[Round "?"]
[White "Anderson, Clarence"]
[Black "Sereni, Vincent T."]
[Result "0-1"]
[WhiteElo "1798"]
[BlackElo "2118"]

1. e4 e5 2. Nf3 Nc6 3. Bc4 Bc5 4. c3 Nf6 5. d3 a5 6. Bg5 h6 7. Bh4 d6 8. 
h3 g5 9. Bg3 Nh5 10. Nxe5 Nxg3 11. Bxf7+ Ke7 12. Ng6+ Kxf7 13. Nxh8+ Qxh8 
14. fxg3 Kg6 15. Qf3 Ne5 16. Qe2 b6 17. Qf1 Ba6 18. Qf5+ Kg7 19. Rf1 Qd8 
20. c4 Bc8 0-1

[Event "Premier Quad, S40389"]
[Site "CCLA"]
[Date "2014.11.24"]
[Round "?"]
[White "Catania, Duane"]
[Black "Sereni, Vincent T."]
[Result "0-1"]
[WhiteElo "1774"]
[BlackElo "2118"]

1. e4 e5 2. Nf3 Nc6 3. Bc4 Bc5 4. c3 Nf6 5. d3 a5 6. Bb3 O-O 7. O-O d6 8. 
h3 Be6 9. Bc2 d5 10. Nxe5 Nxe5 11. d4 Nxe4 12. dxe5 Qh4 13. Qf3 f6 14. 
Bxe4 fxe5 15. Bxh7+ Kxh7 16. Qe2 Rf6 17. Nd2 Raf8 18. Nf3 Rxf3 19. gxf3 
Bxh3 20. Be3 Rf6 0-1

[Event "NA Master/Expert Server Championship, S40099"]
[Site "CCLA"]
[Date "2014.04.30"]
[Round "?"]
[White "Cross, Gregory W."]
[Black "Reinhart, Kenneth M."]
[Result "0-1"]
[WhiteElo "2207"]
[BlackElo "2399"]

1. e4 e5 2. Nf3 Nc6 3. Bc4 Bc5 4. c3 Nf6 5. d3 O-O 6. O-O d5 7. exd5 Nxd5 
8. b4 Be7 9. Re1 Bf6 10. b5 Na5 11. Ba3 Re8 12. Bxd5 Qxd5 13. c4 Qd8 14. 
Nc3 e4 15. Nxe4 Bxa1 16. Qxa1 Bf5 17. Qc3 Bxe4 18. dxe4 c6 19. Bb4 cxb5 
20. Bxa5 b6 21. cxb5 bxa5 22. Nd4 Qf6 23. Qe3 Rad8 24. Nc6 Rd7 25. Nxa7 
Qb2 26. g3 Qxa2 27. b6 a4 28. Nb5 Qb2 29. Qc5 Rb8 30. e5 Rdd8 31. Kg2 Rbc8
32. Rd1 Rf8 33. Nc7 a3 34. Qb5 Qxb5 35. Nxb5 a2 36. Ra1 Rc2 37. Na3 Rb2 
38. Nc4 Rb4 39. Nd6 Ra8 40. b7 Ra3 41. Rd1 h6 42. Ra1 Rb1 43. f4 Kf8 44. 
Nc4 Ra4 45. Nd6 Ke7 46. Kh3 Kd7 47. b8=Q Rxb8 48. Ne4 Rb1 0-1

[Event "Herbert W. Gustafson Memorial Open, S47099"]
[Site "CCLA"]
[Date "2014.10.27"]
[Round "?"]
[White "Catania, Duane"]
[Black "Evans, Stanley W."]
[Result "1-0"]
[WhiteElo "1774"]
[BlackElo "1787"]

1. e4 e5 2. Nf3 Nc6 3. Bc4 Bc5 4. c3 Nf6 5. d3 a6 6. Bb3 Ba7 7. O-O O-O 8.
 Bg5 h6 9. Bh4 d6 10. h3 Qe7 11. Nbd2 b5 12. Re1 Rb8 13. Nf1 b4 14. Ne3 
Bxe3 15. Rxe3 bxc3 16. bxc3 Na5 17. Bc2 Be6 18. Qc1 Rb6 19. d4 exd4 20. 
Nxd4 Rfb8 21. Rf3 Nc4 22. Bxf6 gxf6 23. Qxh6 Ne5 24. Rxf6 Qf8 25. Qg5+ Qg7
26. Nxe6 fxe6 27. Qxg7+ Kxg7 28. Rxe6 Rc6 29. f4 Ng6 30. f5 Nf4 31. Re7+ 
Kf6 32. Rh7 Rb2 33. Bb3 Rxc3 34. Rf7+ Ke5 35. Re7+ Kf6 36. Rf7+ Ke5 37. 
Rg7 c5 38. Rf1 c4 39. Ba4 Rxa2 40. Bd1 Rc1 41. Rg4 Nh5 42. Be2 Rxe2 43. 
Rxc1 1-0

[Event "Premier Quad, S40459"]
[Site "CCLA"]
[Date "2014.12.29"]
[Round "?"]
[White "Catania, Duane"]
[Black "Laven, George"]
[Result "0-1"]
[WhiteElo "1774"]
[BlackElo "1834"]

1. e4 e5 2. Nf3 Nc6 3. Bc4 Bc5 4. c3 Nf6 5. d3 a6 6. Bb3 d6 7. O-O O-O 8. 
h3 h6 9. Re1 Ba7 10. Nbd2 Be6 11. Bc2 Re8 12. Nf1 d5 13. exd5 Qxd5 14. Ng3
Rad8 15. Qe2 Qd7 16. Be3 Bxe3 17. fxe3 Qd6 18. Rad1 Qc5 19. Bb1 Qa5 20. a3
Bb3 21. Rd2 Be6 22. e4 Qb6+ 23. Kh2 a5 24. Nh4 Ne7 25. Nh5 Nxh5 26. Qxh5 
Nc6 27. Qf3 f6 28. Nf5 Ne7 29. Qg4 Nxf5 30. exf5 Bf7 31. Rde2 c5 32. Kh1 
Re7 33. Kh2 Red7 34. Qg3 Bb3 35. Re4 a4 36. Rh4 Kh7 37. Kh1 Bf7 38. Qf2 
Qb5 39. Kh2 Qc6 40. Bc2 b5 41. Rhe4 Bb3 42. Bb1 c4 43. d4 exd4 44. Rxd4 
Rxd4 45. cxd4 c3 46. bxc3 Qxc3 47. Qe2 Qxd4 48. Qxb5 Qf4+ 49. Kh1 Qg3 50. 
Qe2 Bc4 51. Qe4 Bd5 52. Qe2 Qxh3+ 53. Kg1 Qxa3 54. Qg4 Qb3 55. Be4 a3 56. 
Qg6+ Kh8 57. Bxd5 Qxd5 58. Kh1 a2 59. Re8+ Rxe8 60. Qxe8+ Qg8 61. Qa4 Kh7 
62. Kg1 Qd5 63. Kh1 Qd2 64. Kh2 Qb2 65. Qg4 Qe5+ 0-1

[Event "2014 Server Championship, S40029"]
[Site "CCLA"]
[Date "2014.01.27"]
[Round "?"]
[White "Cross, Gregory W."]
[Black "Lewis, James W."]
[Result "1-0"]
[WhiteElo "2172"]
[BlackElo "2098"]

1. e4 e5 2. Nf3 Nc6 3. Bc4 Bc5 4. c3 Nf6 5. d3 a6 6. O-O O-O 7. d4 Ba7 8. 
dxe5 Nxe4 9. Bd5 Nc5 10. b4 Ne6 11. Nbd2 Nf4 12. Ne4 Nxd5 13. Qxd5 Qe7 14.
 Bf4 b5 15. Rfe1 Qe6 16. Qd3 Ne7 17. Be3 Qd5 18. Qc2 Bxe3 19. Rxe3 a5 20. 
Rd1 Qe6 21. Nd4 Qb6 22. Qe2 axb4 23. cxb4 Ba6 24. Rg3 Ng6 25. Qh5 Nf4 26. 
Qg5 Ng6 27. Nf5 Qe6 28. Qh5 Rfe8 29. Nxg7 Qxe5 30. Nxe8 Rxe8 31. Re3 Qxh5 
32. Nf6+ Kg7 33. Nxh5+ Kf8 34. Rxd7 1-0